000 00566cam a22002292a 4500
001 007268
003 AR-FADEU
005 20180906084243.0
008 311216n1986####xxu####################dd
020 _a950-37-0154-6
040 _cBiblioteca Ernesto Sábato
092 _a320.982
_bT323ar
_eBDT
100 _aTerragno, Rodolfo H.
245 _aLa Argentina del siglo 21
260 _aBuenos Aires
260 _bSudamericana
260 _bPlaneta
260 _c1986
300 _a180 p
650 _aARGENTINA PROYECTO POLITICO
942 _cBDT
_2ddc
999 _c32842
_d32842